Analysis of competition and concentration on the slovak banking market

Analýza konkurenčného prostredia a koncentrácie na slovenskom bankovom trhu. Herfindahl-Hirschmanov index.

Guardado en:
Detalles Bibliográficos
Autor principal: Škodová, Lenka
Formato: Capítulo de libro
Lenguaje:inglés
Materias:
Etiquetas: Agregar Etiqueta
Sin Etiquetas, Sea el primero en etiquetar este registro!

MARC

LEADER 00000nla a2200000 4500
001 0239450
005 20240502073859.3
041 0 |a eng 
044 |a SK 
245 1 0 |a Analysis of competition and concentration on the slovak banking market 
520 |a Analýza konkurenčného prostredia a koncentrácie na slovenskom bankovom trhu. Herfindahl-Hirschmanov index. 
610 2 0 |a Slovensko 
610 2 0 |a banky 
610 2 0 |a konkurencia 
610 2 0 |a koncentrácia 
610 2 0 |a indexy hodnotové 
100 1 |a Škodová, Lenka